América Latina: estudios de científicos soviéticos/
সংরক্ষণ করুন:
| সংস্থা লেখক: | |
|---|---|
| বিন্যাস: | গ্রন্থ |
| ভাষা: | Spanish |
| প্রকাশিত: |
Moscú:
Academia de Ciencias de la URSS
|
| বিষয়গুলি: | |
| ট্যাগগুলো: |
ট্যাগ যুক্ত করুন
কোনো ট্যাগ নেই, প্রথমজন হিসাবে ট্যাগ করুন!
|
MARC
| LEADER | 00000nam a22000007a 4500 | ||
|---|---|---|---|
| 003 | cru CIDCACS/IIS | ||
| 005 | 20200318144421.0 | ||
| 007 | ta | ||
| 008 | 200312n rur|||p|r|||||||| ||spa|d | ||
| 999 | |c 42994 |d 42994 | ||
| 040 | |c cru CIDCACS/IIS | ||
| 090 | |a REV0021 | ||
| 110 | |9 9138 |a Academia de Ciencias de la URSS | ||
| 245 | 1 | |a América Latina: |b estudios de científicos soviéticos/ |c Academia de Ciencias de la URSS | |
| 260 | |a Moscú: |b Academia de Ciencias de la URSS | ||
| 270 | |a Arbat 33/12, Moscú 121002 |b Monscú | ||
| 500 | |a EXISTENCIAS 1980 1-2 (6) 1981 (7, 8) 1982-1983 (13-14) 1984 1-2 (19-20) | ||
| 500 | |a Ya no se recibe | ||
| 650 | 4 | |9 2646 |a RELACIONES INTERNACIONALES | |
| 650 | 4 | |9 3217 |a PROBLEMAS POLITICOS | |
| 650 | 0 | |9 2142 |a DESARROLLO ECONOMICO | |
| 650 | 0 | |9 373 |a COMUNISMO | |
| 942 | |2 ddc |c PP | ||
